A Philadelphia Landmark Tour - Statistics

General Stats
  • This quiz has been taken 10 times
  • The average score is 8 of 16
Answer Stats
Picture Answer % Correct
Independence Hall
100%
JFK Plaza
78%
Lincoln Financial Field
67%
Philadelphia City Hall
67%
Philadelphia Museum of Art
67%
Betsy Ross House
56%
Eastern State Penitentiary
56%
Reading Terminal Market
56%
University of Pennsylvania
56%
Boathouse Row
44%
Elfreth's Alley
44%
Carpenters Hall
33%
Christ Church
22%
Franklin Institute
22%
One Liberty Place
22%
Mother Bethel AME Church
11%
No matching quizzes found
Score Distribution
Percent of People with Each Score
Percentile by Number Answered
Your Score History
You have not taken this quiz